Rosyjskie miasta - Statystyki

Ogólne statystyki
  • Ten quiz został rozwiązany 112 razy
  • Średni wynik to 16 z 38
Odpowiedzi na mapie
Odpowiedzi zakodowano w zielono-czerwonej skali na mapie do tego quizu, zgodnie z poniższymi procentami.
 
Statystyki odpowiedzi
Miasto % Poprawnych
Moskwa
97%
Petersburg
85%
Władywostok
78%
Kazań
72%
Wołgograd
66%
Omsk
63%
Irkuck
57%
Murmańsk
56%
Nowosybirsk
56%
Soczi
56%
Czelabińsk
51%
Jakuck
51%
Archangielsk
50%
Jekaterynburg
47%
Perm
47%
Rostów nad Donem
47%
Samara
47%
Ufa
46%
Niżny Nowogród
44%
Krasnodar
43%
Krasnojarsk
38%
Jarosław
35%
Astrachań
34%
Saratów
34%
Woroneż
31%
Magadan
29%
Tiumeń
26%
Chabarowsk
25%
Machaczkała
25%
Nowogród Wielki
24%
Ułan Ude
21%
Iżewsk
19%
Orenburg
19%
Jużnosachalińsk
18%
Pietropawłowsk Kamczacki
16%
Uljanowsk
16%
Czyta
15%
Barnauł
10%
Nie znaleziono quizów pasujących do podanych kryteriów
Rozkład punktacji
Procent ludzi z każdym wynikiem
Percentyl według liczby udzielonych odpowiedzi
Twoja historia wyników
Nie rozwiązałeś tego quizu